Normal view
MARC view
- India -- Civilization
Entry Topical Term
001 - CONTROL NUMBER
- control field: 46298
003 - CONTROL NUMBER IDENTIFIER
- control field: NUST
005 - DATE AND TIME OF LATEST TRANSACTION
- control field: 20210314133505.0
008 - FIXED-LENGTH DATA ELEMENTS
- fixed length control field: 210314|| aca||aabn | a|a d
040 ## - CATALOGING SOURCE
- Original cataloging agency: NUST
- Transcribing agency: NUST
150 ## - HEADING--TOPICAL TERM
- Topical term or geographic name entry element: India -- Civilization
670 ## - SOURCE DATA FOUND
- Source citation: Work cat.: (NUST): Basham, A. L. 6724, The Wonder That Was India :, 1954.
